000 00627nam a2200229Ia 4500
003 OSt
005 20220928122649.0
006 a|||||r|||| 00| 0
007 ta
008 220927b |||||||| |||| 00| 0 eng d
024 _a42197
037 _cTextual
040 _aSDCL
_cSDCL
_beng
041 _2eng
_aeng
082 _aS6, L7
100 _aMartin Barclay
245 0 _aAbnormal psychology
_b Clinical and scientific perspectives.
260 _aNew York
_b Holt, Rinehart and Winston
_c1977
300 _axiv,642p.
_ccm.
942 _hS6, L7
_cTEXL
_2CC
999 _c772134
_d772134